DRC launches Open 4 All campaign (Record no. 73681)

MARC details
000 -LEADER
fixed length control field 01286cam a2200241 4500
001 - CONTROL NUMBER
control field WB3941-02
008 - FIXED-LENGTH DATA ELEMENTS--GENERAL INFORMATION
fixed length control field 031029n2003 000 0 eng u
035 ## - SYSTEM CONTROL NUMBER
System control number (Sirsi) u124144
245 ## - TITLE STATEMENT
Title DRC launches Open 4 All campaign
260 ## - PUBLICATION, DISTRIBUTION, ETC.
Date of publication, distribution, etc. 2003
490 ## - SERIES STATEMENT
Series statement RICS Building Surveying Faculty News
Volume/sequential designation 27 October 2003 (1)
520 ## - SUMMARY, ETC.
Summary, etc. On the launch of the Disability Rights Commission (DRC) Open 4 All campaign, it claims the biggest shake-up of consumer legislation affecting every high street in Britain is being ignored by business. By 01 October 2004, all businesses will need to become more user-friendly to Britain's 8.6mn disabled people. The DRC Open 4 All website http://www.open4all.org aims to provide practical advice and information to those affected by the changes. http://www.rics.org/ricscms/bin/show?class=News&template=/includes/shownews.html&id=7391&faculty=Building Surveying&faculty=All Faculties
590 ## - LOCAL NOTE (RLIN)
Local note WB
650 ## - SUBJECT ADDED ENTRY--TOPICAL TERM
Topical term or geographic name entry element DISABILITY RIGHTS COMMISSION
650 ## - SUBJECT ADDED ENTRY--TOPICAL TERM
Topical term or geographic name entry element CONSUMER LAW
650 ## - SUBJECT ADDED ENTRY--TOPICAL TERM
Topical term or geographic name entry element BUSINESSES
650 ## - SUBJECT ADDED ENTRY--TOPICAL TERM
Topical term or geographic name entry element LEGISLATION
650 ## - SUBJECT ADDED ENTRY--TOPICAL TERM
Topical term or geographic name entry element MANAGEMENT-BUSINESS MANAGEMENT-DISCRIMINATION-DISABILITY DISCRIMINATION-ACCESSIBILITY
650 ## - SUBJECT ADDED ENTRY--TOPICAL TERM
Topical term or geographic name entry element ADAPTATION
650 ## - SUBJECT ADDED ENTRY--TOPICAL TERM
Topical term or geographic name entry element DISABILITY DISCRIMINATION ACT 1995
690 ## - LOCAL SUBJECT ADDED ENTRY--TOPICAL TERM (OCLC, RLIN)
Topical term or geographic name as entry element BUILT ENVIRONMENT
942 ## - ADDED ENTRY ELEMENTS (KOHA)
Suppress in OPAC 0
Holdings
Withdrawn status Lost status Source of classification or shelving scheme Damaged status Not for loan Home library Current library Shelving location Date acquired Total Checkouts Full call number Barcode Date last seen Copy number Price effective from Koha item type
    Dewey Decimal Classification     London London News article 29/10/2003   WB3941-02 124144-1001 06/08/2019 1 06/08/2019 News article